Les Plantes grasses : autres que les cactées

Đã lưu trong:
书目详细资料
主要作者: A Bertrand
格式: 图书
语言:Undetermined
出版: Paris Maison Rustique 1961
主题:
标签: 添加标签
没有标签, 成为第一个标记此记录!
Thư viện lưu trữ: Trung tâm Học liệu Trường Đại học Cần Thơ
LEADER 00500nam a2200193Ia 4500
001 CTU_13445
008 210402s9999 xx 000 0 und d
082 |a 635.96 
082 |b B548 
100 |a A Bertrand 
245 0 |a Les Plantes grasses : 
245 0 |b autres que les cactées 
245 2 |c A Bertrand 
260 |a Paris 
260 |b Maison Rustique 
260 |c 1961 
650 |a plants, ornamental 
904 |i Minh, 961129 
980 |a Trung tâm Học liệu Trường Đại học Cần Thơ